000 00326nam a22001457a 4500
003 SGT
020 _a97815-43342-74-1
082 _a615.19
_bP19A
100 _aARORA, VARUN
245 _aPHARMACEUTICAL ORGANIC CHEMISTRY
260 _aJALANDHAR
_bS.VIKASH
_c2019
300 _a396
650 _aPHARMACY
942 _2ddc
_cBK
_017
999 _c17351
_d17351